[Event "Hoogeveen open"]
[Site "?"]
[Date "2005.10.29"]
[Round "9"]
[White "Goloshchapov, Alexander"]
[Black "Brodsky, Michail"]
[Result "1/2-1/2"]
[WhiteElo "2523"]
[BlackElo "2564"]
[PlyCount "90"]
[EventDate "2005.??.??"]

1. e4 c5 2. Nf3 d6 3. d4 cxd4 4. Nxd4 Nf6 5. Nc3 Nc6 6. Bg5 e6 7. Qd2 Be7 8.
O-O-O Qb6 9. Nb3 O-O {Diagram #} 10. g4 Nxg4 11. Rg1 Nge5 12. Rg3 Bxg5 13. Qxg5
Ng6 14. Qe3 Qxe3+ 15. Rxe3 Rd8 16. Nb5 Kf8 17. Nxd6 Ke7 18. Red3 Nge5 19. Nxc8+
Raxc8 20. Rg3 Nb4 21. c3 Nxa2+ 22. Kc2 Nb4+ 23. Kc1 Rxd1+ 24. Kxd1 Rd8+ 25. Ke2
Nbd3 26. Rxg7 h5 27. Nd4 Nf4+ 28. Ke3 Nfg6 29. h3 Nd7 30. Be2 Rh8 31. Nxe6 Kxe6
32. Bc4+ Ke7 33. Rxf7+ Kd8 34. f4 Rf8 35. e5 Nb6 36. Bb3 Rxf7 37. Bxf7 Ne7 38.
Bxh5 Nc4+ 39. Ke4 Nxb2 40. f5 Na4 41. f6 Nxc3+ 42. Kd4 Nc6+ 43. Kxc3 Nxe5 44.
Kd4 Nd7 45. Bf3 Nxf6 1/2-1/2

[Event "Hoogeveen open"]
[Site "?"]
[Date "2005.10.29"]
[Round "9"]
[White "Baklan, Vladimir"]
[Black "Kharitonov, Alexandr"]
[Result "1-0"]
[WhiteElo "2590"]
[BlackElo "2545"]
[PlyCount "77"]
[EventDate "2005.??.??"]

1. e4 c6 2. d4 d5 3. e5 Bf5 4. Nf3 e6 5. Be2 Ne7 6. O-O h6 7. c3 Bh7 8. h4 Bg6
9. Ne1 h5 10. Nd2 Nd7 11. Ndf3 f6 12. Nd3 Bf7 13. Re1 Ng6 14. g3 Be7 15. Bf1
fxe5 16. dxe5 Nc5 17. Nxc5 Bxc5 18. Bh3 Nf8 19. Be3 Be7 20. Qb3 Qd7 21. c4 c5
22. Rad1 d4 {Diagram #} 23. Bxd4 cxd4 24. Nxd4 Ng6 25. Nxe6 Qc6 26. Nd4 Qxc4
27. Qxb7 Rd8 28. e6 Rxd4 29. Qa8+ Rd8 30. Rxd8+ Bxd8 31. exf7+ Kxf7 32. Be6+
Qxe6 33. Rxe6 Kxe6 34. Qxa7 Bf6 35. a4 Rd8 36. a5 Be7 37. a6 Ne5 38. Qb6+ Rd6
39. Qxd6+ 1-0

[Event "Hoogeveen open"]
[Site "?"]
[Date "2005.10.29"]
[Round "9"]
[White "Ernst, Sipke"]
[Black "Atalik, Suat"]
[Result "1/2-1/2"]
[WhiteElo "2473"]
[BlackElo "2620"]
[PlyCount "76"]
[EventDate "2005.??.??"]

1. d4 d5 2. c4 c6 3. Nf3 Nf6 4. e3 g6 5. Nc3 Bg7 6. Bd3 O-O 7. h3 c5 8. O-O Na6
9. a3 cxd4 10. exd4 dxc4 11. Bxc4 Nc7 12. Qb3 Nce8 13. Bf4 Nd6 14. d5 Nxc4 15.
Qxc4 e6 16. d6 Bd7 17. Ne5 Rc8 18. Qb3 Bc6 19. Rfd1 Nd5 20. Nxd5 Bxd5 {
Diagram #} 21. Rxd5 exd5 22. Qxd5 Qf6 23. d7 Qxf4 24. dxc8=Q Rxc8 25. Nd3 Qd2
26. Re1 Bf6 27. Qf3 Kg7 28. Rd1 Qc2 29. Rc1 Qxc1+ 30. Nxc1 Rxc1+ 31. Kh2 Bxb2
32. Qxb7 Bxa3 33. Qxa7 Bd6+ 34. g3 Bc5 35. Qc7 Rc2 36. Kh1 Rc1+ 37. Kg2 Rc2 38.
Kh1 Rc1+ 1/2-1/2

[Event "Hoogeveen open"]
[Site "?"]
[Date "2005.10.29"]
[Round "9"]
[White "Rogers, Ian"]
[Black "Jonkman, Harmen"]
[Result "1-0"]
[WhiteElo "2556"]
[BlackElo "2446"]
[PlyCount "127"]
[EventDate "2005.??.??"]

1. c4 e5 2. g3 Nf6 3. Bg2 c6 4. d4 exd4 5. Qxd4 d5 6. cxd5 cxd5 7. Nf3 Nc6 8.
Qd1 Bc5 9. O-O O-O 10. Ne1 Re8 11. Nd3 Bb6 12. Bg5 d4 13. Nd2 h6 14. Bxf6 Qxf6
15. Rc1 Bg4 16. Bf3 Bxf3 17. exf3 Ne5 18. Nxe5 Qxe5 19. Nc4 Qd5 20. Qd3 Bd8 21.
a3 Bf6 22. Nd2 Bg5 23. Rc4 Bxd2 24. Rxd4 Qg5 25. Qxd2 Qxd2 26. Rxd2 Rad8 27.
Rxd8 Rxd8 28. Rc1 Rd2 29. b4 g5 30. Rc3 Kg7 31. Kg2 Kg6 32. h3 h5 33. h4 gxh4
34. gxh4 Ra2 35. Kg3 Kf6 36. f4 a6 37. Kf3 Kf5 38. Rc5+ Ke6 39. Rxh5 Rxa3+ 40.
Kg4 Rb3 41. Rh6+ f6 42. f5+ Kf7 43. Rh7+ Kf8 44. Rxb7 a5 45. b5 a4 46. Kh5 a3
47. Ra7 Rxb5 48. Kg6 Rb4 49. h5 Rg4+ 50. Kxf6 Kg8 51. Rxa3 Kh7 52. Rd3 Kh6 53.
Kf7 Rf4 54. f6 Rxf2 55. Ke7 Re2+ 56. Kf8 Re6 57. f7 Kh7 58. Rd8 Kh8 59. Re8 Ra6
60. Ke7+ Kh7 {Diagram #} 61. f8=R Ra7+ 62. Kf6 Ra6+ 63. Re6 Rd6 64. Rxd6 1-0

[Event "Hoogeveen open"]
[Site "?"]
[Date "2005.10.29"]
[Round "9"]
[White "Willemze, Thomas"]
[Black "L'Ami, Erwin"]
[Result "0-1"]
[WhiteElo "2363"]
[BlackElo "2541"]
[PlyCount "77"]
[EventDate "2005.??.??"]

1. e4 e6 2. d4 d5 3. Nc3 Bb4 4. e5 c5 5. a3 Bxc3+ 6. bxc3 Ne7 7. Qg4 O-O 8. Bd3
Qa5 9. Ne2 Nbc6 10. Bg5 Ng6 11. O-O Qa4 12. f3 c4 13. Bxg6 fxg6 14. Rfc1 Bd7
15. h4 Rf7 16. Kf2 Raf8 17. Ke1 h6 18. Be3 Kh7 19. Nf4 Ne7 20. Kd2 Rf5 21. Qg3
Qc6 22. Qh2 Qc8 23. Rf1 Ba4 24. g4 R5f7 25. h5 g5 26. Ng6 Nxg6 27. hxg6+ Kxg6
28. Bxg5 Rxf3 {Diagram #} 29. Bf6 Rxf1 30. Rxf1 Qe8 31. Rh1 Rh8 32. Qh4 Kh7 33.
g5 Qg6 34. Ke3 Bxc2 35. Bxg7 Kxg7 36. gxh6+ Kf7 37. Rf1+ Bf5 38. Rh1 Ke8 39.
Rh2 0-1

[Event "Hoogeveen open"]
[Site "?"]
[Date "2005.10.29"]
[Round "9"]
[White "Cebalo, Miso"]
[Black "Van der Wiel, John"]
[Result "1/2-1/2"]
[WhiteElo "2512"]
[BlackElo "2503"]
[PlyCount "64"]
[EventDate "2005.??.??"]

1. d4 Nf6 2. c4 e6 3. Nf3 b6 4. a3 Bb7 5. Nc3 d5 6. Bg5 Be7 7. Qa4+ Qd7 8. Qc2
dxc4 9. e3 Bxf3 10. gxf3 Nd5 11. Bxe7 Qxe7 12. Bxc4 Nxc3 13. Qxc3 O-O 14. Rc1
Nd7 15. Bb5 c5 16. Bxd7 Qxd7 17. dxc5 bxc5 18. Rg1 g6 19. Rg4 Rab8 20. Rc4 Qb7
21. Qf6 Qxb2 22. Qxb2 Rxb2 23. Rxc5 Ra2 24. R5c3 Rb8 25. Rc8+ Rxc8 26. Rxc8+
Kg7 27. Rc3 g5 28. Kf1 Kf6 29. Kg2 a5 30. h3 a4 31. Kg3 h6 32. Kg2 Ke5 1/2-1/2

[Event "Hoogeveen open"]
[Site "?"]
[Date "2005.10.29"]
[Round "9"]
[White "Souleidis, Georgios"]
[Black "Wells, Peter Kenneth"]
[Result "0-1"]
[WhiteElo "2421"]
[BlackElo "2513"]
[PlyCount "70"]
[EventDate "2005.??.??"]

1. e4 c5 2. Nf3 Nc6 3. Bb5 g6 4. Bxc6 dxc6 5. d3 Bg7 6. h3 Nf6 7. Nc3 O-O 8.
Be3 b6 9. Qd2 e5 10. Bh6 Qd6 11. O-O-O a5 12. Nh2 a4 13. Ng4 Nh5 14. Bxg7 Kxg7
15. Qh6+ Kg8 16. Ne2 f6 17. g3 Be6 18. Kb1 b5 19. f4 a3 20. b3 exf4 21. gxf4 f5
22. Ne5 Ra7 23. Rhg1 Rg7 24. Kc1 Bc8 25. Nf3 fxe4 26. dxe4 Qe7 27. Ng5 c4 28.
f5 cxb3 29. cxb3 Bxf5 30. exf5 Qxe2 31. Rd2 Qe5 32. fxg6 Qa1+ 33. Kc2 Qb2+ 34.
Kd1 Qb1+ 35. Ke2 Re7+ 0-1

[Event "Hoogeveen open"]
[Site "?"]
[Date "2005.10.28"]
[Round "9"]
[White "Naumkin, Igor"]
[Black "Michielsen, Joost"]
[Result "1-0"]
[WhiteElo "2445"]
[BlackElo "2362"]
[PlyCount "53"]
[EventDate "2005.??.??"]

1. d4 d5 2. c4 dxc4 3. Nf3 a6 4. e3 Nf6 5. Bxc4 e6 6. O-O c5 7. a4 Nc6 8. Qe2
cxd4 9. Rd1 Be7 10. exd4 O-O 11. Nc3 Nd5 12. Bd3 Ncb4 13. Bb1 b6 14. Ne4 Bb7
15. Neg5 g6 16. h4 Rc8 17. Be4 Rc7 18. Ne5 Nf6 19. Bxb7 Rxb7 20. Ra3 Rc7 21.
Rg3 Qd5 22. h5 Ne8 {Diagram #} 23. Nxh7 Kxh7 24. hxg6+ fxg6 25. Qg4 Rf6 26.
Qh4+ Kg8 27. Rh3 1-0

[Event "Hoogeveen open"]
[Site "?"]
[Date "2005.10.29"]
[Round "9"]
[White "Wiersma, Eelke"]
[Black "Grooten, Herman"]
[Result "0-1"]
[WhiteElo "2431"]
[BlackElo "2350"]
[PlyCount "104"]
[EventDate "2005.??.??"]

1. e4 g6 2. d4 Bg7 3. Nc3 c6 4. f4 d5 5. e5 h5 6. Nf3 Nh6 7. Be3 Bg4 8. h3 Nf5
9. Bf2 Bxf3 10. Qxf3 h4 11. Bd3 e6 12. O-O Nd7 13. b3 Bf8 14. Ne2 c5 15. c4
dxc4 16. Bxc4 cxd4 17. Qxb7 Rb8 18. Qe4 Bc5 19. Rfd1 Ne3 20. Bxe3 dxe3 {
Diagram #} 21. Bxe6 fxe6 22. Qxg6+ Kf8 23. f5 Qe8 24. Rxd7 Qxd7 25. fxe6 Qg7
26. e7+ Bxe7 27. Rf1+ Bf6 28. Qd3 Rb6 29. Nf4 Kg8 30. exf6 Rxf6 31. Qxe3 Qf7
32. Qe5 Rhh6 33. Rc1 Qd7 34. Rc7 Qf5 35. Qe7 Rf7 36. Qd8+ Rf8 37. Qe7 Rh7 38.
Qxh7+ Qxh7 39. Rxh7 Kxh7 40. Ne2 Rd8 41. g3 Rd2 42. Kf1 hxg3 43. Nxg3 Rxa2 44.
Ne2 Kg6 45. Ke1 Kf5 46. h4 Rb2 47. Nd4+ Ke4 48. Nc6 Ra2 49. h5 Ra6 50. Nb8 Rd6
51. h6 Rxh6 52. Kd2 Rb6 0-1

[Event "Hoogeveen open"]
[Site "?"]
[Date "2005.10.29"]
[Round "9"]
[White "Van Beek, Alexander"]
[Black "Kolev, Atanas"]
[Result "1/2-1/2"]
[WhiteElo "2334"]
[BlackElo "2559"]
[PlyCount "85"]
[EventDate "2005.??.??"]

1. d4 Nf6 2. c4 e6 3. Nc3 Bb4 4. Qc2 O-O 5. a3 Bxc3+ 6. Qxc3 b6 7. Bg5 Bb7 8.
f3 d6 9. e4 c5 10. d5 Nbd7 11. Qc2 exd5 12. cxd5 b5 13. Nh3 Qb6 14. Be2 a5 15.
Nf2 b4 16. O-O Ba6 17. Bxa6 Rxa6 18. Nd1 Rc8 19. Ne3 c4 20. Qf2 g6 21. axb4
axb4 22. Rxa6 Qxa6 23. Ng4 Ne8 24. Qh4 c3 25. bxc3 b3 26. Bc1 f6 27. Nh6+ Kg7
28. Qg4 Nc5 29. Nf5+ Kf7 30. Nd4 Rc7 31. Nxb3 Nxb3 32. Qe6+ Kg7 33. Qxe8 g5 34.
h4 Qa7+ 35. Kh2 Rxc3 36. hxg5 Rxc1 37. gxf6+ Kxf6 38. Rxc1 Nxc1 39. Qe6+ Kg7
40. Qxd6 Ne2 41. Qe5+ Kg6 42. Qf5+ Kg7 43. Qe5+ 1/2-1/2

[Event "Hoogeveen open"]
[Site "?"]
[Date "2005.10.29"]
[Round "9"]
[White "Weisbuch, Udi"]
[Black "Vul, Arkadi Eremeevich"]
[Result "1/2-1/2"]
[WhiteElo "2299"]
[BlackElo "2423"]
[PlyCount "52"]
[EventDate "2005.??.??"]

1. e4 e5 2. Nf3 Nc6 3. Nc3 Nf6 4. g3 d5 5. exd5 Nxd5 6. Bg2 Nxc3 7. bxc3 Bc5 8.
d3 O-O 9. O-O Bg4 10. h3 Bh5 11. g4 Bg6 12. Ng5 Qd7 13. Rb1 Rab8 14. Qf3 Nd8
15. Qd5 Qxd5 16. Bxd5 c6 17. Bg2 f6 18. Ne4 Bxe4 19. Bxe4 Ne6 20. Be3 Kf7 21.
Rb2 Rfc8 22. Bg2 Ke7 23. Bxc5+ Nxc5 24. f4 Nd7 25. Rb4 h6 26. Re1 Kd6 1/2-1/2

[Event "Hoogeveen open"]
[Site "?"]
[Date "2005.10.29"]
[Round "9"]
[White "Wempe, Joost"]
[Black "Hoeksema, Erik"]
[Result "1/2-1/2"]
[WhiteElo "2221"]
[BlackElo "2401"]
[PlyCount "89"]
[EventDate "2005.??.??"]

1. d4 Nf6 2. c4 e6 3. Nf3 c5 4. Nc3 cxd4 5. Nxd4 Bb4 6. Qc2 Nc6 7. Nxc6 dxc6 8.
a3 Be7 9. Bf4 Qa5 10. e4 e5 11. Be3 Ng4 12. Bd2 Qb6 13. Nd1 Bc5 14. Bc3 Bd4 15.
h3 Nf6 16. Bxd4 Qxd4 17. Nc3 Be6 18. Rd1 Qc5 19. Be2 O-O 20. O-O Rfd8 21. b4
Qe7 22. c5 b6 23. Na4 b5 24. Nc3 a5 25. Rxd8+ Rxd8 26. Rd1 Ne8 27. Kf1 g6 28.
Rd2 h5 29. Qd1 Ra8 30. Rd3 Kg7 31. Kg1 Qh4 32. Bf3 Bc4 33. Rd7 axb4 34. axb4
Ra3 35. Qe1 Rb3 36. Nd1 Be6 37. Ra7 Bxh3 38. Ne3 Be6 39. Ra6 Nf6 40. g3 Qg5 41.
Qd2 Kh6 42. Ra8 Rxe3 43. Qxe3 Qxe3 44. fxe3 Kg7 45. Ra6 1/2-1/2

[Event "Hoogeveen open"]
[Site "?"]
[Date "2005.10.29"]
[Round "9"]
[White "Jens, Jelmer"]
[Black "Slingerland, Fred"]
[Result "1-0"]
[WhiteElo "2366"]
[BlackElo "2325"]
[PlyCount "63"]
[EventDate "2005.??.??"]

1. e4 c5 2. Nf3 Nc6 3. Bb5 g6 4. Bxc6 bxc6 5. O-O Bg7 6. Re1 e5 7. c3 Ne7 8. d4
cxd4 9. cxd4 exd4 10. Nxd4 O-O 11. Nc3 Rb8 12. Bf4 Rxb2 13. Bd6 Re8 14. e5 Qa5
15. Ne4 Nd5 16. Nb3 Qa6 17. Nbc5 Qc4 18. Rc1 Qxa2 19. Ra1 Qc4 20. Rxa7 Nc3 21.
Nxc3 Qxc3 22. Na4 Qd2 23. Nxb2 Qxb2 24. Ra8 h5 25. h3 Qc3 26. Qa1 Qd2 27. Qa5
Qxa5 28. Rxa5 Bf8 29. Rb1 f6 30. Ra8 fxe5 31. Bxf8 Kxf8 32. Rbb8 1-0

[Event "Hoogeveen open"]
[Site "?"]
[Date "2005.10.29"]
[Round "9"]
[White "Pruijssers, Roeland"]
[Black "Henrichs, Thomas"]
[Result "1-0"]
[WhiteElo "2310"]
[BlackElo "2447"]
[PlyCount "103"]
[EventDate "2005.??.??"]

1. e4 c5 2. Nf3 d6 3. d4 cxd4 4. Nxd4 Nf6 5. Nc3 a6 6. Bg5 e6 7. f4 Qc7 8. Bxf6
gxf6 9. Qd2 Nc6 10. O-O-O Bd7 11. Be2 h5 12. h4 O-O-O 13. Kb1 Kb8 14. Bf3 Nxd4
15. Qxd4 Be7 16. Qe3 Qc5 17. Qe2 f5 18. exf5 Qxf5 19. Nd5 Bf8 20. g4 hxg4 21.
Bxg4 Bb5 22. Qxb5 Qxg4 23. Qb6 Rc8 24. Nb4 Qe2 25. Rd3 Rxh4 26. Rc1 Ka8 27. Rc3
Rxc3 28. Qd8+ Ka7 29. bxc3 Rh8 30. Nc6+ bxc6 31. Qc7+ Ka8 32. Qc8+ Ka7 33. Qc7+
Ka8 34. Qxc6+ Ka7 35. Qc7+ Ka8 36. Ka1 Bg7 37. Qc6+ Ka7 38. Qc7+ Ka8 39. Qc6+
Ka7 40. Rb1 Qb5 41. Rxb5 axb5 42. Qc7+ Ka6 43. Qxd6+ Kb7 44. Qc5 Rc8 45. Qxb5+
Ka7 46. Qd7+ Kb8 47. Qxf7 Bxc3+ 48. Kb1 Rc6 49. Qe8+ Kb7 50. Qd7+ Kb6 51. a4
Bb4 52. Kb2 1-0

[Event "Hoogeveen open"]
[Site "?"]
[Date "2005.10.29"]
[Round "9"]
[White "Brandenburg, Daan"]
[Black "Van Leent, Dimitri"]
[Result "1-0"]
[WhiteElo "2395"]
[BlackElo "2309"]
[PlyCount "185"]
[EventDate "2005.??.??"]

1. e4 e5 2. Nf3 Nc6 3. d4 exd4 4. Nxd4 Qf6 5. Be3 Bc5 6. c3 Qg6 7. Qe2 Nxd4 8.
cxd4 Bb4+ 9. Bd2 Bxd2+ 10. Nxd2 Ne7 11. g3 O-O 12. Bg2 d5 13. exd5 Nf5 14. O-O
Bd7 15. Nb3 Qb6 16. Qd2 Rad8 17. Qc3 Ba4 18. Nc5 Bd7 19. Rfe1 Bc8 20. Nb3 Qd6
21. Rac1 Rd7 22. Qc5 b6 23. Qb5 a6 24. Qc6 Qxc6 25. dxc6 Re7 26. Rxe7 Nxe7 27.
a4 Be6 28. Re1 Rd8 29. d5 Nxd5 30. Nd4 Ne7 31. Nxe6 fxe6 32. Rxe6 Rd1+ 33. Bf1
Kf7 34. Re3 Rc1 35. Kg2 a5 36. b3 Rxc6 37. Bc4+ Kf8 38. g4 Rf6 39. Kg3 h5 40.
f3 Rh6 41. h4 Rd6 42. Re5 hxg4 43. fxg4 Rd1 44. h5 Rh1 45. Re2 Ng8 46. Rf2+ Nf6
47. Kg2 Rh4 48. Be2 Ke7 49. Rf1 Nxg4 50. Kg3 Rxh5 51. Bxg4 Rc5 52. Kf4 Rc3 53.
Bd1 Kd6 54. Rg1 Kc5 55. Rxg7 Kb4 56. Ke4 c6 57. Rd7 b5 58. Rd3 Rc1 59. Ke3 Rc5
60. Kd2 Rg5 61. Rd6 Kc5 62. Rf6 Kb6 63. axb5 Kxb5 64. Rf4 Kb6 65. Kc3 Re5 66.
Rc4 Re3+ 67. Kb2 Rg3 68. Bc2 Rh3 69. Be4 Rh6 70. Ka3 Rf6 71. Ka4 c5 72. Ka3 Rh6
73. Bc2 Rh2 74. Kb2 Rh3 75. Re4 Rh6 76. Bd3 Rd6 77. Kc3 Kc6 78. Rg4 Rd8 79.
Rg6+ Kb7 80. Ba6+ Ka7 81. Bc4 Kb7 82. Ra6 Rh8 83. Rxa5 Kb6 84. Ra6+ Kb7 85. Rf6
Rh4 86. Bd5+ Ka7 87. Rc6 Rf4 88. Rxc5 Kb6 89. Rc6+ Kb5 90. Re6 Kc5 91. Be4 Rh4
92. b4+ Kb5 93. Bd3+ 1-0

[Event "Hoogeveen open"]
[Site "?"]
[Date "2005.10.29"]
[Round "9"]
[White "Hasanova, Elmira"]
[Black "Van Ruitenburg, Joost"]
[Result "1-0"]
[WhiteElo "2342"]
[BlackElo "2216"]
[PlyCount "63"]
[EventDate "2005.??.??"]

1. d4 Nf6 2. c4 e6 3. Nc3 Bb4 4. g3 c5 5. Nf3 b6 6. Bg2 Bb7 7. O-O cxd4 8. Qxd4
O-O 9. Rd1 Nc6 10. Qd3 Be7 11. a3 Rc8 12. b4 a6 13. Bf4 h6 14. Rac1 Re8 15. h3
Ba8 16. h4 a5 17. b5 Nb8 18. Bd6 Bxd6 19. Qxd6 Bxf3 20. exf3 Rxc4 21. Ne4 Rxc1
22. Rxc1 Nd5 23. f4 f5 24. Nd2 Qe7 25. Nc4 Rc8 26. Rd1 Rxc4 27. Rxd5 Rc1+ 28.
Bf1 Kf7 29. Rd3 Qd8 30. Kg2 Qc7 31. Be2 Ke8 32. Bh5+ 1-0

[Event "Hoogeveen open"]
[Site "?"]
[Date "2005.10.29"]
[Round "9"]
[White "Vedder, Richard"]
[Black "Habu, Yoshiharu"]
[Result "0-1"]
[WhiteElo "2224"]
[BlackElo "2341"]
[PlyCount "102"]
[EventDate "2005.??.??"]

1. e4 e6 2. d4 d5 3. Nc3 Bb4 4. Nge2 dxe4 5. a3 Be7 6. Nxe4 Nf6 7. N2g3 O-O 8.
Be2 Nxe4 9. Nxe4 f5 10. Ng3 c5 11. dxc5 Qxd1+ 12. Bxd1 Bxc5 13. O-O Nc6 14. Re1
e5 15. c3 Be6 16. Ba4 e4 17. b4 Bb6 18. Bxc6 bxc6 19. Be3 Bc4 20. a4 Bxe3 21.
fxe3 Rad8 22. Red1 Rd3 23. Rxd3 Bxd3 24. Ra2 g5 25. Rf2 f4 26. Ne2 c5 27. exf4
cxb4 28. cxb4 e3 29. Rf3 Bxe2 30. Rxe3 Bc4 31. Rg3 Rxf4 32. Rxg5+ Kf7 33. g3
Rd4 34. Rc5 Be6 35. a5 Rxb4 36. Rc7+ Kg6 37. Rxa7 Rb2 38. Ra6 Kf5 39. g4+ Ke5
40. Ra7 Bxg4 41. Rxh7 Ra2 42. Rb7 Bf3 43. Rb3 Kf4 44. a6 Rxa6 45. Kf2 Ra2+ 46.
Ke1 Re2+ 47. Kf1 Rxh2 48. Rb8 Kg3 49. Ke1 Re2+ 50. Kf1 Re7 51. Rd8 Bg2+ 0-1

[Event "Hoogeveen open"]
[Site "?"]
[Date "2005.10.29"]
[Round "9"]
[White "Van Veen, Oscar"]
[Black "Fominykh, Maria"]
[Result "1/2-1/2"]
[WhiteElo "2207"]
[BlackElo "2335"]
[PlyCount "155"]
[EventDate "2005.??.??"]

1. e4 d6 2. d4 Nf6 3. Nc3 e5 4. dxe5 dxe5 5. Qxd8+ Kxd8 6. Bc4 Be6 7. Bxe6 fxe6
8. Nf3 Bd6 9. Bg5 Nbd7 10. O-O-O Ke7 11. Nd2 h6 12. Bh4 a6 13. Nc4 g5 14. Bg3
Nh5 15. Nxd6 cxd6 16. Rd2 Ndf6 17. f3 Rac8 18. Bf2 Nf4 19. Bb6 g4 20. Ba5 gxf3
21. gxf3 Rhg8 22. Bb4 Rc6 23. Rhd1 Ne8 24. Ne2 Nh3 25. Rf1 Rf8 26. Ng3 Nc7 27.
a4 b6 28. Nh5 a5 29. Ba3 b5 30. axb5 Nxb5 31. Rd3 Rfc8 32. Rb3 Rxc2+ 33. Kb1
Nxa3+ 34. Rxa3 R8c5 35. Rb3 Rc7 36. f4 Rxh2 37. Rg3 Nxf4 38. Nxf4 exf4 39. Rxf4
Kd7 40. Rf7+ Kc8 41. Rf8+ Kb7 42. Rb3+ Ka7 43. Rb5 Rc5 44. Rxc5 dxc5 45. Re8
Kb6 46. Rxe6+ Kb5 47. Rg6 Kc4 48. e5 Kd5 49. e6 Kd6 50. b3 Ke7 51. Ka1 Kd6 52.
Kb1 Re2 53. Rxh6 Rxe6 54. Rh2 Kc6 55. Kb2 Kb5 56. Rg2 Ra6 57. Rh2 a4 58. bxa4+
Kb4 59. Rh3 Rxa4 60. Rg3 Ra7 61. Rh3 Rg7 62. Kc2 Rg2+ 63. Kc1 Kc4 64. Rf3 Kd4
65. Rh3 Re2 66. Rg3 c4 67. Rh3 Rg2 68. Rf3 Rg1+ 69. Kc2 Rg2+ 70. Kc1 Kc5 71.
Rh3 Rg4 72. Rf3 Kb4 73. Rh3 c3 74. Rh8 Kb3 75. Rb8+ Rb4 76. Rxb4+ Kxb4 77. Kc2
Kc4 78. Kc1 1/2-1/2

[Event "Hoogeveen open"]
[Site "?"]
[Date "2005.10.29"]
[Round "9"]
[White "Spoelman, Wouter"]
[Black "Van der Plas, Rob"]
[Result "1-0"]
[WhiteElo "2362"]
[BlackElo "2211"]
[PlyCount "77"]
[EventDate "2005.??.??"]

1. e4 e6 2. d4 d5 3. Nc3 Bb4 4. e5 c5 5. a3 Ba5 6. b4 cxd4 7. Nb5 Bc7 8. f4 Bd7
9. Nxc7+ Qxc7 10. Bd3 Nh6 11. Nf3 Nc6 12. Bb2 Nf5 13. Bxf5 exf5 14. Bxd4 Nxd4
15. Nxd4 Qc3+ 16. Kf2 Rc8 17. Qd3 Ke7 18. Rhc1 g6 19. Ne2 Qxd3 20. cxd3 f6 21.
exf6+ Kxf6 22. Rxc8 Rxc8 23. Rc1 Rxc1 24. Nxc1 h6 25. Ke3 g5 26. Ne2 Kg6 27.
Kd4 Kh5 28. Kxd5 Bb5 29. Kd4 Kg4 30. Ke3 Bc6 31. h3+ Kh4 32. Kf2 g4 33. hxg4
Kxg4 34. g3 h5 35. Nd4 Bd5 36. Nc2 Be6 37. Ne3+ Kh3 38. d4 h4 39. gxh4 1-0

[Event "Hoogeveen open"]
[Site "?"]
[Date "2005.10.29"]
[Round "9"]
[White "De Jong, Migchiel"]
[Black "Ouwendijk, Vincent"]
[Result "0-1"]
[WhiteElo "2277"]
[BlackElo "2107"]
[PlyCount "90"]
[EventDate "2005.??.??"]

1. e4 e5 2. Nf3 Nf6 3. Nxe5 d6 4. Nf3 Nxe4 5. d3 Nf6 6. d4 Be7 7. c4 O-O 8. Nc3
Bg4 9. h3 Bh5 10. Be2 Re8 11. O-O Nbd7 12. Be3 c6 13. a3 Nb6 14. b3 d5 15. c5
Nbd7 16. b4 Ne4 17. Qb3 b6 18. cxb6 axb6 19. a4 Nxc3 20. Qxc3 c5 21. bxc5 bxc5
22. g4 Bg6 23. Bb5 Bf6 24. Qd2 Be4 25. Nh2 Re6 26. Rac1 c4 27. f4 Bd3 28. Rfe1
Nb6 29. f5 Re4 30. Nf3 h6 31. Ra1 Qd6 32. Bf2 Nc8 33. a5 Na7 34. Ba4 Rb8 35.
Kg2 Qb4 36. Qxb4 Rxb4 37. Ne5 Rxe1 38. Bxe1 Rb2+ 39. Kg1 Be4 40. Bd1 Bg5 41.
Nf3 Be3+ 42. Kh1 Bxd4 43. a6 Rb3 44. Bxb3 Bxf3+ 45. Kh2 Bxa1 0-1

[Event "Hoogeveen open"]
[Site "?"]
[Date "2005.10.29"]
[Round "9"]
[White "Weeks, Manuel"]
[Black "Van Opheusden, Bas"]
[Result "1-0"]
[WhiteElo "2268"]
[BlackElo "2190"]
[PlyCount "43"]
[EventDate "2005.??.??"]

1. e4 c5 2. Nc3 d6 3. f4 g6 4. Nf3 Bg7 5. Bc4 e6 6. O-O a6 7. a4 Qa5 8. Ra3 Nc6
9. f5 Nge7 10. fxe6 fxe6 11. Ng5 Nd8 12. d3 h6 13. Nh3 Nec6 14. Be3 Bd7 15. Nf4
O-O 16. Nxg6 Rxf1+ 17. Qxf1 Kh7 18. Nf8+ Bxf8 19. Qxf8 h5 20. Bh6 Qxc3 21. Rxc3
a5 22. Qg7# 1-0

[Event "Hoogeveen open"]
[Site "?"]
[Date "2005.10.29"]
[Round "9"]
[White "Doggers, Peter"]
[Black "Rooda, Kai"]
[Result "1/2-1/2"]
[WhiteElo "2239"]
[BlackElo "2132"]
[PlyCount "105"]
[EventDate "2005.??.??"]

1. e4 e5 2. Nf3 Nc6 3. Bb5 a6 4. Ba4 Nf6 5. O-O Be7 6. Bxc6 dxc6 7. Qe1 Nd7 8.
b3 c5 9. Bb2 Bf6 10. a4 O-O 11. Na3 Qe7 12. Nc4 b6 13. d3 g6 14. Qe2 Bb7 15.
Rae1 b5 16. axb5 axb5 17. Ne3 Ra2 18. Ra1 Rfa8 19. Rxa2 Rxa2 20. Ra1 Rxa1+ 21.
Bxa1 Qd6 22. Bb2 Bg7 23. Qe1 f6 24. Qa5 Qb6 25. Qa2 Kh8 26. Nd2 c6 27. g3 Qa6
28. Qxa6 Bxa6 29. Kf1 Kg8 30. Ke2 Kf7 31. f4 exf4 32. gxf4 Nf8 33. f5 Bc8 34.
Ba3 Nd7 35. Bb2 Bh6 36. Nf3 Bf4 37. h3 Nb6 38. Ng4 gxf5 39. Nxf6 h6 40. h4 Bd6
41. exf5 Bxf5 42. Ne4 Bxe4 43. dxe4 Ke6 44. h5 Bf4 45. Bg7 Nd7 46. c4 Kf7 47.
Bb2 Ke6 48. Kd3 Nb6 49. Bg7 Kf7 50. Bc3 Ke6 51. Ba5 Nd7 52. Bc3 Nb6 53. Bb2
1/2-1/2

[Event "Hoogeveen open"]
[Site "?"]
[Date "2005.10.29"]
[Round "9"]
[White "Cako, Laszlo"]
[Black "Kleijn, Christov"]
[Result "1-0"]
[WhiteElo "2193"]
[BlackElo "2059"]
[PlyCount "75"]
[EventDate "2005.??.??"]

1. e4 c5 2. Nf3 d6 3. d4 cxd4 4. Nxd4 Nf6 5. Nc3 a6 6. Bc4 e6 7. Bb3 Nbd7 8.
O-O Nc5 9. Re1 Be7 10. Qf3 O-O 11. Qg3 Kh8 12. Bg5 Qc7 13. Rad1 b5 14. a3 Bb7
15. Qh4 h6 16. Re3 Rfe8 17. Qh3 Nh7 18. Bxe7 Qxe7 19. f4 Nxb3 20. Nxb3 Rac8 21.
Red3 Red8 22. Qe3 Nf6 23. Qd4 Rc4 24. Qb6 Bxe4 25. Rxd6 Rxd6 26. Qxd6 Qa7+ 27.
Nd4 Bxc2 28. Rd2 Nd5 29. Nxd5 Rxd4 30. Qd8+ Kh7 31. Nf6+ gxf6 32. Qxd4 Qc7 33.
Qxf6 Bg6 34. Rd8 Qc1+ 35. Kf2 Bf5 36. Qh8+ Kg6 37. Rg8+ Kh5 38. Rg5+ 1-0

[Event "Hoogeveen open"]
[Site "?"]
[Date "2005.10.29"]
[Round "9"]
[White "Ahlers, Ben"]
[Black "Schuurman, Petra"]
[Result "1-0"]
[WhiteElo "2198"]
[BlackElo "2279"]
[PlyCount "70"]
[EventDate "2005.??.??"]

{**Extended header information:|||S2/time ||**} 1. d4 Nf6 2. Nf3 e6 3. e3 b6 4.
Bd3 Bb7 5. Nbd2 c5 6. b3 d6 7. O-O Nbd7 8. Bb2 Be7 9. dxc5 bxc5 10. Qe2 d5 11.
e4 d4 12. c3 e5 13. Nc4 Qb8 14. Na5 O-O 15. Nxb7 Qxb7 16. Rac1 a5 17. Bb5 Rab8
18. a4 Rfd8 19. Nd2 Nb6 20. f3 Nh5 21. g3 g6 22. f4 Bf8 23. fxe5 Bh6 24. cxd4
cxd4 25. Rcd1 Ng7 26. Nc4 Nxc4 27. Bxc4 Be3+ 28. Kh1 Qxe4+ 29. Qg2 Qxg2+ 30.
Kxg2 Rb7 31. Rf3 Nf5 32. e6 Bg5 33. exf7+ Kf8 34. Kh1 h5 35. h3 Ne3 1-0

[Event "Hoogeveen open"]
[Site "?"]
[Date "2005.10.29"]
[Round "9"]
[White "Dogge, Marc"]
[Black "Dougherty, Michael J"]
[Result "0-1"]
[WhiteElo "2168"]
[BlackElo "2212"]
[PlyCount "73"]
[EventDate "2005.??.??"]

1. e4 c5 2. Nf3 Nc6 3. d4 cxd4 4. Nxd4 Nf6 5. Nc3 d6 6. Be2 e5 7. Nf3 Be7 8.
O-O h6 9. h3 Be6 10. Re1 O-O 11. Bf1 Rc8 12. Nd5 Bxd5 13. exd5 Nb4 14. c4 a5
15. a3 Na6 16. Rb1 Qd7 17. b4 axb4 18. axb4 b5 19. Qb3 Qb7 20. Nh4 Rfe8 21. Nf5
Bf8 22. Qg3 Kh7 23. Qh4 bxc4 24. Bxc4 e4 25. Bxa6 Qxa6 26. Bxh6 gxh6 27. Qxf6
Qb7 28. Rbd1 Qd7 29. f4 exf3 30. gxf3 Rc4 31. Kf2 Rxe1 32. Rxe1 Rf4 33. Re6
fxe6 34. dxe6 Qb7 35. Qxf8 Qxf3+ 36. Ke1 Re4+ 37. Kd2 0-1

[Event "Hoogeveen open"]
[Site "?"]
[Date "2005.10.29"]
[Round "9"]
[White "Jelic, Bruno"]
[Black "Van Geffen, Ben"]
[Result "0-1"]
[WhiteElo "2104"]
[BlackElo "2118"]
[PlyCount "112"]
[EventDate "2005.??.??"]

1. d4 c5 2. d5 d6 3. Nc3 g6 4. e4 Bg7 5. Nf3 Nf6 6. Be2 O-O 7. O-O Na6 8. Nd2
Nc7 9. a4 b6 10. Nc4 Ba6 11. Bf4 Rb8 12. Qd2 Bxc4 13. Bxc4 a6 14. f3 b5 15.
axb5 axb5 16. Be2 b4 17. Nd1 Ra8 18. Nf2 Nh5 19. Rxa8 Qxa8 20. Bh6 Nf6 21. Bxg7
Kxg7 22. g4 h6 23. h4 Qa2 24. b3 Qb2 25. f4 Ra8 26. g5 Ng8 27. h5 Ra2 28. Bd3
hxg5 29. f5 f6 30. hxg6 Nh6 31. Qe2 Qe5 32. Kg2 Nxd5 33. exd5 Qxe2 34. Bxe2
Nxf5 35. Kh3 Ne3 36. Rc1 Nxd5 37. Bd3 Nf4+ 38. Kg4 Nxd3 39. Nxd3 Kxg6 40. Kf3
f5 41. Ke3 e5 42. Ne1 Kf6 43. Rd1 Ke6 44. Rd2 e4 45. Rh2 Ke5 46. Rh8 f4+ 47.
Kd2 f3 48. Ke3 d5 49. Re8+ Kf5 50. Rf8+ Kg4 51. Rd8 Ra1 52. Nxf3 exf3 53. Rxd5
Re1+ 54. Kf2 Re2+ 55. Kf1 Rxc2 56. Re5 Kf4 0-1